000 00351nam a2200133Ia 4500
008 190216s9999||||xx |||||||||||||| ||und||
100 _aRobert H Dicke And James P Wittke
245 0 _aIntroduction To Quantum Mechanics
250 _a1st Ed.
260 _bAddison-Wesley Pbl: Co:
_c1978
300 _a369
650 _aChemistry-Chemistry
942 _cBK
999 _c2148
_d2148